LIBRARY & INFORMATION CENTRE, KCAET, TAVANUR

ONLINE PUBLIC ACCESS CATALOGUE (OPAC)

Fundamentals of social survey and research methodes / (Record no. 5595)

MARC details
000 -LEADER
fixed length control field 00467cam a2200181ua 4500
041 ## - LANGUAGE CODE
Language code of text/sound track or separate title eng
082 ## - DEWEY DECIMAL CLASSIFICATION NUMBER
Classification number 001.42
Item number DAN/FU
100 ## - MAIN ENTRY--AUTHOR NAME
Personal name Dandapani, S .
245 ## - TITLE STATEMENT
Title Fundamentals of social survey and research methodes /
250 ## - EDITION STATEMENT
Edition statement 1 /
260 ## - PUBLICATION, DISTRIBUTION, ETC. (IMPRINT)
Place of publication New Delhi :
Name of publisher Scholes Foundation ,
Year of publication 1971.
300 ## - PHYSICAL DESCRIPTION
Number of Pages 90 ;
Accompanying material CD ROM.
942 ## - ADDED ENTRY ELEMENTS (KOHA)
Koha item type Books
Holdings
Withdrawn status Lost status Damaged status Home library Current library Date acquired Full call number Accession Number Koha item type
Withdrawn   Damaged KAUAET Sanskrit University 07/04/2012 001.42 13325 Books
free website counter